Univerzitné pastoračné centrum, Bratislava

Enregistré dans:
Détails bibliographiques
Auteur principal: Solmošiová, Elena (Auteur)
Autres auteurs: Bacová, Andrea (Directeur de thèse)
Format: Manuscrit Livre
Langue:slovaque
Publié: 2025
Sujets:
Accès en ligne:http://is.stuba.sk/zp/portal_zp.pl?podrobnosti=186031
Tags: Ajouter un tag
Pas de tags, Soyez le premier à ajouter un tag!

MARC

LEADER 00000ntm a22000003a 4500
001 stuzp105068
003 SK-STU
005 20250607211059.0
007 ta
008 150427s2015----xo-----f-mn---000-0-slo-d
040 |a STU  |b slo 
041 0 |a slo 
100 1 |a Solmošiová, Elena  |u 051110  |4 aut  |U FAD Fakulta architektúry a dizajnu  |T FAD Ústav architektúry obytných budov  |X 103816  |U A1110  |Y 392  |7 103816 
242 0 1 |a University pastoral center, Bratislava  |y eng 
245 1 0 |a Univerzitné pastoračné centrum, Bratislava 
260 |c 2025 
650 4 |a chapel  |2 eng 
650 4 |a community  |2 eng 
650 4 |a pastoral center  |2 eng 
650 4 |a pastoračné centrum  |2 slo 
650 4 |a komunita  |2 slo 
650 4 |a kaplnka  |2 slo 
700 1 |a Bacová, Andrea  |u 051110  |k Z1  |4 ths  |U FAD Fakulta architektúry a dizajnu  |T FAD Ústav architektúry obytných budov  |X 354  |U A1110  |Y 392  |7 A000000354 
856 4 |u http://is.stuba.sk/zp/portal_zp.pl?podrobnosti=186031